33 + 1 : claves para un nuevo modelo de vivienda colectiva sostenible en el Ecuador /

Detalles Bibliográficos
Otros Autores: Proaño Escandón, Diego (Editor)
Formato: Electrónico eBook
Lenguaje:español
Publicado: Cuenca, Ecuador : Universidad del Azuay, Casa Editora, [2020]
Materias:
Acceso en línea:Digitalia Hispánica

MARC

LEADER 00000nam a2200000Ii 4500
001 DIGUAZUAY0219
003 NyNyDIG
006 m o d
007 cr |||||||||||
008 251104s2020 ec a ob 000 0 spa d
035 |a (OCoLC)1548424521 
040 |a DGITA  |b eng  |e rda  |e pn  |c DGITA 
020 |z 9789942842673 
043 |a s-ec--- 
050 1 4 |a NA889.A43 ebook 
050 1 4 |a HD7326.A3 ebook 
245 0 0 |a 33 + 1 :  |b claves para un nuevo modelo de vivienda colectiva sostenible en el Ecuador /  |c compiladores, Diego Proaño Escandón [and 5 others]. 
246 3 0 |a Claves para un nuevo modelo de vivienda colectiva sostenible en el Ecuador 
246 3 |a Treinta y tres más uno 
264 1 |a Cuenca, Ecuador :  |b Universidad del Azuay, Casa Editora,  |c [2020] 
300 |a 1 online resource :  |b illustrations. 
336 |a text  |b txt  |2 rdacontent 
337 |a computer  |b c  |2 rdamedia 
338 |a online resource  |b cr  |2 rdacarrier 
347 |a text file  |2 rdaft 
347 |b PDF 
504 |a Includes bibliographical references. 
588 0 |a Online resource; title from PDF title page (Digitalia, viewed November 4, 2025) 
650 0 |a Ecological houses  |z Ecuador. 
650 0 |a Sustainable architecture  |z Ecuador. 
650 0 |a Housing  |z Ecuador. 
700 1 |a Proaño Escandón, Diego,  |e editor. 
791 2 |a Digitalia (Firm),  |e distributor. 
793 0 |g Digitalia eBook Collection:  |a Universidad del Azuay 
776 0 8 |i Print version:  |t 33 + 1.  |d Cuenca, Ecuador : Universidad del Azuay, Casa Editora, [2020]  |z 9789942842673 
856 4 0 |3 Digitalia Hispánica  |u https://www.digitaliapublishing.com/a/133604/ 
910 |a Premium collection: 2025